000
00275cam a22000977a 4500
008
180718b1960 xxu||||| |||| 00| 0 eng d
082
_a
A2x42 Un3p
245
_a
A brief guide to official publications
260
_a
London
_b
Her Majesty's Stationery Office
_c
1960
300
_a
58+p.
999
_c
390694
_d
390694